00849 2200301 4500001002100000005001700021008004100038020002200079035002500101040001200126082001200138084001400150100002400164245010500188250001100293260003000304300003100334504002700365650002300392700001200415850001200427990001800439990001800457990001800475990001800493990001800511990001800529INLIS00000000001208020150929093920.0  a978-602-191-182-2 a0010-091500000000593 aYOPDYOG 223a649 a649 Mas P aMASYKUR Arif Rahman aPertanyaan-pertanyaan anak yang tidak bisa dijawab orang tuac/ Masykur Arif Rahman; Editor, Dirusdi aCet. 1 aYogyakartabLaksanac2012 a203 hlmb: ilus.c; 20 cm. aBibliografi : hlm. 203 aOrang tua dan anak aDIRUSDI aYOPDYOG a50092-PD/A.15 a50093-PD/A.15 a50094-PD/A.15 a50092-PD/A.15 a50093-PD/A.15 a50094-PD/A.15